| 000 | 00435nam a2200181Ia 4500 | ||
|---|---|---|---|
| 005 | 20250603144851.0 | ||
| 008 | 250603s9999 xx 000 0 und d | ||
| 020 | _a9872436700 | ||
| 050 | _aK 140 .N9/ | ||
| 100 | _aNwamara ,T.A | ||
| 245 | 0 | _aEncyclopedia of the constitutional Law | |
| 260 | _aLondon | ||
| 260 | _bLaw and Education publisher. | ||
| 260 | _c2012 | ||
| 300 | _a777 - 1778 p | ||
| 650 | _aLondon | ||
| 942 | _cBK | ||
| 999 |
_c40186 _d40186 |
||